| 000 | 01025nam a2200289Ia 4500 | ||
|---|---|---|---|
| 001 | G4890 | ||
| 003 | IT-RoPAU | ||
| 008 | 130308s9999 xx 000 0 und d | ||
| 040 | _aIT-RoPAU | ||
| 040 | _cIT-RoPAU | ||
| 041 | _aITALIANO | ||
| 100 | _aForte Bruno | ||
| 100 | _gCodice Aut. SPICS: 29267 | ||
| 245 | _aO Dio o il nulla? | ||
| 245 | _bMicromega, Almanacco di Filosofia (2/2000) | ||
| 250 | _a1a ed. | ||
| 260 | _aROMA | ||
| 260 | _bEditoriale L'Espresso | ||
| 260 | _c2000 [1° Ed.:2000 - Ed.Ling.Originale:2000] | ||
| 300 | _a"12 p. (prefazione: no ; testo: 12 [pagine: 85-96])" | ||
| 500 | _aIl Rapporto Strettissimo tra Preghiera e Filosofia, Dove Questa è L'Interrogare Radicale, Spinto fino Alla soglia Dello Stupore Davanti All'Indicibile e All'Indeducibile, Mentre la Prima è Uno Stare Sulla soglia del Mistero, Aprendosi all'ascolto dell'Altro, fino a Invocarlo. | ||
| 650 | _aPASTORALE E CULTURE | ||
| 650 | _eCodice materia Spics: 9302 | ||
| 942 | _cBK | ||
| 957 | _71 | ||
| 999 |
_c77441 _d77441 |
||
| 999 | _g1 | ||